| 000 | 00000nam##2200000za#4500 |
| 001 | 9.581464 |
| 003 | CaOODSP |
| 005 | 20210624191528 |
| 007 | cr ||||||||||| |
| 008 | 150406|2014||||xxc|||||o f|0| 0 eng|d |
| 020 | |a978-1-100-24767-0 |
| 040 | |aCaOODSP|beng |
| 043 | |an-cn--- |
| 086 | 1 |aPS18-19/2014E-PDF |
| 110 | 1 |aCanada.|bPublic Safety Canada. |bNational Crime Prevention Centre. |
| 245 | 14|aThe achievers - Positive Alternatives to Youth Gangs (PAYG) |h[electronic resource] |
| 260 | |aOttawa - Ontario : |bPublic Safety Canada. |c2014. |
| 300 | |a7p. |
| 490 | 1 |aBuilding the evidence. Evaluation summaries |vES-2014-40 |
| 590 | |a15-07|b2015-02-13 |
| 775 | 08|tThe achievers - Positive Alternatives to Youth Gangs (PAYG) |w(CaOODSP)9.608283 |
| 830 | #0|aBuilding the evidence. Evaluation summaries ;|vES-2014-40|w(CaOODSP)9.506329 |
| 856 | 40|ahttp://publications.gc.ca|qPDF|s261 KB|uhttps://publications.gc.ca/collections/collection_2015/sp-ps/PS18-19-2014-eng.pdf|yES-2014-40 |